| 000 | 00826nam a22001575i 4500 | ||
|---|---|---|---|
| 001 | 171008 | ||
| 003 | ES-MaACL | ||
| 005 | 20230906214521.0 | ||
| 008 | 090422s1868 sp |||| | spa d | ||
| 100 | 1 |
_aEscalante, Eduardo. _947463 |
|
| 245 | 1 | 3 |
_aUn grapaet y pròu _b: comedia bilingüe en un acto y en verso / _coriginal de Eduardo Escalante. |
| 260 |
_aValencia : _b[s.n.], _c1868 ( _fImp. de Ferrer de Orga) |
||
| 300 |
_a40 p. ; _c18 cm. |
||
| 500 | _aEn port.: Representada por primera vez con éxito extraordinario en el Teatro de la Princesa de Valencia, la noche del 15 de febrero de 1868, á beneficio del actor D. Leandro Torromé. | ||
| 852 |
_aES-MaACL _jF-8576(10) _z.- Enc. pasta española _q.- Falto de la cub. original _z.- Enc. en un vol. facticio formando parte de la col. "Teatro español moderno", vol. 29 |
||
| 999 |
_c171008 _d171008 |
||